Highway traffic analysis and design (Record no. 28058)

000 -LEADER
fixed length control field 00501nam a2200193 i 4500
001 - CONTROL NUMBER
control field 28058
003 - CONTROL NUMBER IDENTIFIER
control field BD-DhUET
008 - FIXED-LENGTH DATA ELEMENTS--GENERAL INFORMATION
fixed length control field 770606s1976 enkabk b 001 0 eng
040 ## - CATALOGING SOURCE
Original cataloging agency DLC
Transcribing agency DLC
Modifying agency BD-DhUET
082 00 - DEWEY DECIMAL CLASSIFICATION NUMBER
Classification number 388.312
Item number SAL/1996
100 ## - MAIN ENTRY--PERSONAL NAME
Personal name Salter, R. J.
245 10 - TITLE STATEMENT
Title Highway traffic analysis and design
Statement of responsibility, etc. [by] R. J. Salter.
250 ## - EDITION STATEMENT
Edition statement 3rd ed.
260 ## - PUBLICATION, DISTRIBUTION, ETC. (IMPRINT)
Place of publication, distribution, etc. London
Name of publisher, distributor, etc. Macmillan
Date of publication, distribution, etc. 1996
300 ## - PHYSICAL DESCRIPTION
Extent vii, 392 p.
650 #0 - SUBJECT ADDED ENTRY--TOPICAL TERM
Topical term or geographic name as entry element Traffic engineering
700 ## - ADDED ENTRY--PERSONAL NAME
Personal name Hounsell, N. B.
942 ## - ADDED ENTRY ELEMENTS (KOHA)
Koha item type General Book
Holdings
Price effective from Location (home branch) Copy number Damaged status Koha full call number Piece designation (barcode) Not for loan Shelving location Sublocation or collection (holding branch) Date acquired Lost status Koha item type Withdrawn status Source of classification or shelving scheme Koha date last seen Koha normalized classification for sorting
2015-06-09Central Library, BUET1 388.312/SAL/199692204 Reading sectionCentral Library, BUET2015-06-09 Reading Item  2015-06-09388_312000000000000_SAL_1996
2015-06-09Central Library, BUET2 388.312/SAL/199692203 Reading sectionCentral Library, BUET2015-06-09 Reading Item  2015-06-09388_312000000000000_SAL_1996
2019-03-13Central Library, BUET3 388.312/SAL/199692206 Circulation sectionCentral Library, BUET1998-06-01 General Book  2019-03-13388_312000000000000_SAL_1996